ARRUPE JESUIT UNIVERSITY

CORONAVIRUS -STOP THE SPREAD - CLEAN,DISINFECT,COVER

Actors without make-up / (Record no. 124584)

MARC details
000 -LEADER
fixed length control field 00854cam a2200265 i 4500
001 - CONTROL NUMBER
control field 2287207
003 - CONTROL NUMBER IDENTIFIER
control field ARRUPE
005 - DATE AND TIME OF LATEST TRANSACTION
control field 20160412145954.0
008 - FIXED-LENGTH DATA ELEMENTS--GENERAL INFORMATION
fixed length control field 790515s1977 ru a 000 0deng
010 ## - LIBRARY OF CONGRESS CONTROL NUMBER
LC control number 79304091
015 ## - NATIONAL BIBLIOGRAPHY NUMBER
National bibliography number USSR***
040 ## - CATALOGING SOURCE
Original cataloging agency DLC
Transcribing agency DLC
Modifying agency DLC
041 1# - LANGUAGE CODE
Language code of text/sound track or separate title engrus
043 ## - GEOGRAPHIC AREA CODE
Geographic area code e-ur---
050 00 - LIBRARY OF CONGRESS CALL NUMBER
Classification number PN2727
Item number .F5413
082 00 - DEWEY DECIMAL CLASSIFICATION NUMBER
Classification number 792/.028/0924
-- B
300 ## - PHYSICAL DESCRIPTION
Other physical details ill. ;
Dimensions 21 cm.
100 1# - MAIN ENTRY--PERSONAL NAME
Personal name Filippov, B. M.
Fuller form of name (Boris Mikhaĭlovich)
9 (RLIN) 23717
245 10 - TITLE STATEMENT
Title Actors without make-up /
Statement of responsibility, etc Boris Filippov ; [translated from the Russian by Kathelene Cook].
260 ## - PUBLICATION, DISTRIBUTION, ETC. (IMPRINT)
Place of publication, distribution, etc Moscow :
Name of publisher, distributor, etc Progress Publishers,
Date of publication, distribution, etc 1977.
300 ## - PHYSICAL DESCRIPTION
Extent 277 p.;
500 ## - GENERAL NOTE
General note "Translated into English from the revised Russian edition ... 1977."
650 #0 - SUBJECT ADDED ENTRY--TOPICAL TERM
Topical term or geographic name as entry element Actors
Geographic subdivision Soviet Union.
9 (RLIN) 23718
906 ## - LOCAL DATA ELEMENT F, LDF (RLIN)
a 7
b cbc
c orignew
d 4
e ncip
f 19
g y-gencatlg
942 ## - ADDED ENTRY ELEMENTS (KOHA)
Source of classification or shelving scheme Library of Congress Classification
Koha item type Monograph ( Printed materials)
Holdings
Withdrawn status Lost status Source of classification or shelving scheme Damaged status Not for loan Collection code Home library Current library Shelving location Date acquired Total Checkouts Full call number Barcode Date last seen Price effective from Koha item type
    Library of Congress Classification     Main Collection ARRUPE LIBRARY ARRUPE LIBRARY Main Collection 12/04/2016   PN2727.F5413 46500003967 27/03/2019 12/04/2016 Monograph ( Printed materials)

 

Arrupe Library. PO Box MP320 Mt Pleasant, Harare, Zimbabwe
263 242 745411|librarian@aju.ac.zw